Riadenie IT služieb v kontexte IT Governance
Gespeichert in:
| 1. Verfasser: | |
|---|---|
| Körperschaft: | |
| Weitere Verfasser: | , , , |
| Format: | Buch |
| Sprache: | Slowakisch |
| Veröffentlicht: |
Bratislava
Vydavateľstvo EKONÓM EU v Bratislave
2019
|
| Ausgabe: | 1. vydanie |
| Schlagworte: | |
| Tags: |
Keine Tags, Fügen Sie das erste Tag hinzu!
|
MARC
| LEADER | 00000clm a2200000 4500 | ||
|---|---|---|---|
| 001 | 0258050 | ||
| 005 | 20240502074104.3 | ||
| 020 | |a 978-80-225-4639-3 | ||
| 041 | 0 | |a slo | |
| 044 | |a SK | ||
| 245 | 1 | 0 | |a Riadenie IT služieb v kontexte IT Governance |c Anita Romanová, Mojmír Kokles, Terézia Romanová ; recenzenti: Róbert Hanák, Rastislav Šupšák |
| 250 | |a 1. vydanie | ||
| 264 | 1 | |a Bratislava |b Vydavateľstvo EKONÓM EU v Bratislave |c 2019 | |
| 300 | |a CD-ROM 143 s. [9,12 AH] | ||
| 610 | 2 | 0 | |a technológie informačné |
| 610 | 2 | 0 | |a manažment |
| 610 | 2 | 0 | |a využitie počítačov |
| 610 | 2 | 0 | |a služby |
| 610 | 2 | 0 | |a riadenie |
| 610 | 2 | 0 | |a štandardy |
| 610 | 2 | 0 | |a normy |
| 610 | 2 | 0 | |a výskum |
| 100 | 1 | |a Romanová, Anita, 1973- | |
| 700 | 1 | |a Kokles, Mojmír | |
| 700 | 1 | |a Romanová, Terézia | |
| 700 | 1 | |a Hanák, Róbert, 1979- | |
| 700 | 1 | |a Šupšák, Rastislav, 1988- | |
| 710 | 2 | |a Ekonomická univerzita v Bratislave. Fakulta podnikového manažmentu | |